00478nam a22001577a 450000500170000001000150001702000260003203500130005803700130007108200140008410000190009824500720011726000450018927000620023430000240029620160811125700.0 aENG-115727 a9780199463503c650.00 aEN-99259 bDBAD/PUB a954.93032 aTikku,Mohan K. aAfter the fall :bSri Lanka in victory and war /cby Mohan K. Tikku aNew DelhibOxford University Pressc2016 aYMCA,Library Building,1 Jai Singh RoadbNew Delhie110001 axix,308p.c21cm(Hb)